The Golden Touch : The Journey of Kalyan Jewellers (Record no. 46475)

MARC details
000 -LEADER
fixed length control field 00442nam a22001697a 4500
005 - DATE AND TIME OF LATEST TRANSACTION
control field 20250824194234.0
008 - FIXED-LENGTH DATA ELEMENTS--GENERAL INFORMATION
fixed length control field 250824b |||||||| |||| 00| 0 eng d
020 ## - INTERNATIONAL STANDARD BOOK NUMBER
International Standard Book Number 9780670098798
041 ## - LANGUAGE CODE
Language code of text/sound track or separate title eng
082 ## - DEWEY DECIMAL CLASSIFICATION NUMBER
Classification number 920 KAL
100 ## - MAIN ENTRY--PERSONAL NAME
Author Kalyanaraman,T.S
245 ## - TITLE STATEMENT
Title The Golden Touch : The Journey of Kalyan Jewellers
260 ## - PUBLICATION, DISTRIBUTION, ETC.
Place Haryana
Publisher Penguin Random House
Publication Year 2023
300 ## - PHYSICAL DESCRIPTION
Extent 158;. P 23 cm
650 ## - SUBJECT ADDED ENTRY--TOPICAL TERM
Subject Autobiography
942 ## - ADDED ENTRY ELEMENTS (KOHA)
Koha item type Books

No items available.

Designed & Maintained by: LRC IMT Nagpur Contact: lrc@imtnag.ac.in© 2024. All Rights Reserved.